| 000 | 00909cam a22002651 4500 | ||
|---|---|---|---|
| 001 | sa 66004573 | ||
| 003 | DLC | ||
| 005 | 20260227112243.0 | ||
| 008 | 721108s1965 ii b 000 0 eng | ||
| 010 | _asa 66004573 | ||
| 015 | _aGB66-6714 | ||
| 025 | _aPL480:I-E-5587 | ||
| 035 | _a(OCoLC)490474 | ||
| 040 |
_aDLC _cOAU _dOCoLC _dUk _dDLC |
||
| 042 | _apremarc | ||
| 050 | 0 | 0 |
_aHJ9553.C3 _bD3 1965 |
| 082 | _a352.1095414 | ||
| 100 | 1 | _aDatta, Abhijit. | |
| 245 | 1 | 0 |
_aMunicipal finances in the Calcutta metropolitan district; _ba preliminary survey _c[by] Abhijit Datta and David C. Ranney. |
| 260 |
_aBombay, _aNew York, _bPublished for Institute of Public Administration [by] Asia Pub. House _c[1965] |
||
| 300 |
_aix, 123 p. _bmaps. _c25 cm. |
||
| 440 | 0 |
_aCalcutta research studies, _v3 |
|
| 650 | 0 |
_aFinance, Public _zIndia _zKolkata Metropolitan Area. |
|
| 700 | 1 |
_aRanney, David C., _ejoint author. |
|
| 999 |
_c69499 _d69499 |
||